000 00883nam a2200253 i 4500
001 C2-0332944
003 PPAK
005 20180728133055.0
008 150819s2014 my |||| ||||| | eng d
020 _a9789670610719
040 _aPPAK
_beng
_cPPAK
_erda
082 0 4 _a158.2
_223
090 0 0 _a158.2
_bBAT
_dG
100 1 _aBate, Nicholas,
_eauthor
245 1 0 _a52 ways to influence people :
_bhow to get anything you want
264 1 _aPetaling Jaya, Selangor :
_bAdvantage Quest Sdn. Bhd. ,
_c2014
300 _axviii, 236 pages ;
_c20 cm
336 _2rdacontent
_atext
337 _2rdamedia
_aunmediated
338 _2rdacarrier
_avolume
500 _aIncludes index. ; Originally published under the title: Have it your way
650 1 0 _aInfluence (Psychology). ; Interpersonal communication. ; Interpersonal relations. ; Persuasion (Psychology).
942 _ddc
_cB
999 _c131567
_d131567